Cuaderno de Ciencias Sociales (Record no. 85)

MARC details
000 -LEADER
campo de control de longitud fija 00879 a2200133 4500
082 ## - NÚMERO DE LA CLASIFICACIÓN DECIMAL DEWEY
Número de clasificación 307.141.6
Número de ítem L715g
100 ## - ENTRADA PRINCIPAL--NOMBRE DE PERSONA
Nombre de persona Van Lidth de Jeude, Marije and Schutte, Oliver
9 (RLIN) 432
245 ## - MENCIÓN DEL TÍTULO
Título Cuaderno de Ciencias Sociales
Resto del título Gam(ismo) Cultura y Desarrollo Urbano en la Gran Area Metropolitana de Costa Rica
260 ## - PUBLICACIÓN, DISTRIBUCIÓN, ETC.
Lugar de publicación, distribución, etc. Costa Rica
Nombre del editor, distribuidor, etc. FLACSO
Fecha de publicación, distribución, etc. 2010
300 ## - DESCRIPCIÓN FÍSICA
Extensión 183 p.
Otras características físicas ill (a color)
Dimensiones 21.5 cm
505 ## - NOTA DE CONTENIDO CON FORMATO
Título Introduccion
-- Seccion 1 Sobre Urbanismos
-- Seccion 2 Cultura Urbana de la GAM de Cosa Rica
-- Seccion 3 La Imagen Urbana Percibida
-- Seccion 4 Mapeo Socio-Cultural
-- Seccion 5 Implicaciones para un Urbanismo Sostenible en la GAM de Costa Rica
-- Siglas y Acronimos
-- Bibliografia
650 ## - PUNTO DE ACCESO ADICIONAL DE MATERIA--TÉRMINO DE MATERIA
Subdivisión general ciudades y pueblos
-- crecimientos
-- areas metropolitanas
-- desarrollo de la comunidad humana
-- planificacion
-- aspectos sociales
Subdivisión geográfica Costa Rica
9 (RLIN) 433
700 ## - ENTRADA AGREGADA--NOMBRE PERSONAL
Nombre de persona Marije Van Lidth de Jeude and Oliver Schutte
9 (RLIN) 434
Holdings
Estatus retirado Estado de pérdida Fuente del sistema de clasificación o colocación Estado de daño No para préstamo Colección Biblioteca de origen Biblioteca actual Fecha de adquisición Total de préstamos Signatura topográfica completa Código de barras Visto por última vez Precio de reemplazo Tipo de ítem Koha
    Clasificación Decimal Dewey     Revistas Biblioteca LadoV Biblioteca LadoV 28/04/2014   307.141.6 L715g 003952 28/04/2014 28/04/2014 Material 01